[Event "Aktobe Dvorkovich op-A"]
[Site "Aktobe"]
[Date "2025.06.30"]
[Round "9"]
[White "Agibileg, Uurtsaikh"]
[Black "Sriram, Adarsh Uppala"]
[Result "1-0"]
[WhiteElo "2384"]
[BlackElo "2460"]
[PlyCount "51"]
[EventDate "2025.06.22"]
[EventType "swiss"]
[EventRounds "9"]
[EventCountry "KAZ"]
[SourceTitle "CB27_2025"]
[SourceDate "2025.07.02"]
[SourceVersion "1"]
[SourceVersionDate "2025.07.02"]
[SourceQuality "1"]

1. d4 d5 2. c4 dxc4 3. e4 b5 4. Nc3 c6 5. a4 b4 6. Nb1 Ba6 7. Nf3 Nf6 8. e5 Nd5 9. e6 f6 10. g3 g6 11. Nbd2 Qd6 12. Bh3 f5 13. Ng5 Bg7 14. Bxf5 Nf6 15. Nde4 Qd5 16. Nxf6+ Bxf6 17. Be4 Qxd4 18. Qxd4 Bxd4 19. Nxh7 Rg8 20. Bf4 Bxb2 21. Rd1 Bb7 22. h4 Na6 23. h5 gxh5 24. Bf3 Rg4 25. Rxh5 Rxf4 26. Rg5 1-0

[Event "Aktobe Dvorkovich op-A"]
[Site "Aktobe"]
[Date "2025.06.27"]
[Round "6"]
[White "Tudor, Henry Edward"]
[Black "Sriram, Adarsh Uppala"]
[Result "1/2-1/2"]
[WhiteElo "2374"]
[BlackElo "2460"]
[PlyCount "214"]
[EventDate "2025.06.22"]
[EventType "swiss"]
[EventRounds "9"]
[EventCountry "KAZ"]
[SourceTitle "CB27_2025"]
[SourceDate "2025.07.02"]
[SourceVersion "1"]
[SourceVersionDate "2025.07.02"]
[SourceQuality "1"]

1. d4 Nf6 2. c4 g6 3. Nc3 d5 4. cxd5 Nxd5 5. Bd2 c5 6. Rc1 Nc6 7. dxc5 Bg7 8. e4 Ndb4 9. a3 Nd3+ 10. Bxd3 Qxd3 11. Qe2 Qxe2+ 12. Ngxe2 Be6 13. Nd5 Bxb2 14. Rc2 Be5 15. f4 Bb8 16. Rb2 f5 17. Rxb7 fxe4 18. Ndc3 Bc8 19. Rb2 Ba6 20. Nxe4 Bc7 21. N4c3 0-0-0 22. Nb5 Bb8 23. a4 Rd3 24. 0-0 Rhd8 25. Be1 Re3 26. Nec3 e5 27. Bd2 Red3 28. Ne4 Rf8 29. Ned6+ Kd7 30. h3 h5 31. Rf2 Rd5 32. Rc2 Nd4 33. Nxd4 exd4 34. c6+ Kc7 35. Ne4 Bd3 36. Nc5 Bxc2 37. Ne6+ Kxc6 38. Nxf8 Bf5 39. g4 hxg4 40. hxg4 Bxg4 41. Nxg6 Bd6 42. Ne5+ Bxe5 43. fxe5 Kc5 44. Bf4 Kc4 45. Rg2 Bd7 46. Kf2 Bxa4 47. Rg7 a5 48. e6 Rf5 49. Kg3 Rf6 50. Bd2 Rxe6 51. Bxa5 Kd3 52. Rg4 Bd1 53. Rf4 Rg6+ 54. Kf2 Bb3 55. Bd8 Bd5 56. Bf6 Be4 57. Bxd4 Kxd4 58. Ke2 Ra6 59. Rf2 Ra3 60. Kd2 Ra1 61. Ke2 Ra7 62. Kd2 Rh7 63. Ke2 Rh3 64. Kd2 Bf3 65. Ke1 Kc3 66. Rf1 Be4 67. Kf2 Kd2 68. Ra1 Rf3+ 69. Kg1 Rf8 70. Ra3 Ke2 71. Kh2 Kf2 72. Ra2+ Kf3 73. Ra3+ Kf4 74. Kg1 Rh8 75. Rb3 Bf3 76. Kf2 Rh2+ 77. Ke1 Re2+ 78. Kf1 Kg3 79. Ra3 Rd2 80. Re3 Rd7 81. Re8 Rd3 82. Re7 Bg4 83. Re8 Rd6 84. Re7 Rd8 85. Re3+ Bf3 86. Re7 Rd2 87. Re8 Kf4 88. Ke1 Rh2 89. Rb8 Bd5 90. Kd1 Ke3 91. Kc1 Kd3 92. Re8 Bc4 93. Re7 Ra2 94. Kb1 Ra8 95. Kb2 Rb8+ 96. Kc1 Kc3 97. Re2 Bd3 98. Rc2+ Kd4 99. Rb2 Rh8 100. Kd2 Bc4 101. Kc2 Rh3 102. Kd2 Bb3 103. Kc1 Kc5 104. Rf2 Kd4 105. Kd2 Bd5 106. Rf4+ Be4 107. Rf2 Ra3 1/2-1/2

[Event "Aktobe Dvorkovich op-A"]
[Site "Aktobe"]
[Date "2025.06.25"]
[Round "4"]
[White "Isanzhulov, Arystan"]
[Black "Sriram, Adarsh Uppala"]
[Result "0-1"]
[WhiteElo "2388"]
[BlackElo "2460"]
[PlyCount "62"]
[EventDate "2025.06.22"]
[EventType "swiss"]
[EventRounds "9"]
[EventCountry "KAZ"]
[SourceTitle "CB27_2025"]
[SourceDate "2025.07.02"]
[SourceVersion "1"]
[SourceVersionDate "2025.07.02"]
[SourceQuality "1"]

1. e4 c5 2. Nf3 Nc6 3. Bb5 g6 4. 0-0 Bg7 5. c3 Nf6 6. Re1 0-0 7. d4 a6 8. Bxc6 dxc6 9. Qc2 Bg4 10. Nbd2 Nd7 11. h3 Bxf3 12. Nxf3 cxd4 13. cxd4 e5 14. Be3 exd4 15. Nxd4 Qc7 16. a4 Rfe8 17. Nb3 c5 18. a5 c4 19. Ra4 Ne5 20. Rc1 Qd7 21. Nc5 Qb5 22. Rd1 Rad8 23. Rxd8 Rxd8 24. f4 Bh6 25. g3 Bf8 26. Nxb7 Rd3 27. Kf2 Rb3 28. Kg1 Rd3 29. Bf2 Rd2 30. Nc5 Rd8 31. Nb7 Rd3 0-1

[Event "Budapest Vezerkepzo GM 04"]
[Site "Budapest"]
[Date "2025.04.28"]
[Round "9"]
[White "Sriram, Adarsh Uppala"]
[Black "Csiki, Endre"]
[Result "1-0"]
[WhiteElo "2364"]
[BlackElo "2282"]
[PlyCount "133"]
[EventDate "2025.04.22"]
[EventType "tourn"]
[EventRounds "9"]
[EventCountry "HUN"]
[EventCategory "6"]
[SourceTitle "CB20_2025"]
[SourceDate "2025.05.14"]
[SourceVersion "1"]
[SourceVersionDate "2025.05.14"]
[SourceQuality "1"]

1. d4 Nf6 2. c4 e6 3. Nc3 Bb4 4. Qc2 0-0 5. e4 d5 6. e5 Ne4 7. Bd3 c5 8. Nf3 cxd4 9. Nxd4 Nd7 10. Bf4 Ndc5 11. 0-0 Bxc3 12. bxc3 Bd7 13. Be2 Na4 14. cxd5 exd5 15. f3 Nec5 16. Qd2 Rc8 17. Rac1 Ne6 18. Be3 Nac5 19. Nf5 Bc6 20. c4 d4 21. Nxd4 Nxd4 22. Qxd4 Qxd4 23. Bxd4 Ne6 24. Be3 Rfd8 25. f4 Nd4 26. Bg4 Bd7 27. f5 h5 28. Bxh5 Nxf5 29. Bg5 Re8 30. g4 Nh6 31. Bxh6 g6 32. Bxg6 fxg6 33. Rf6 Rc6 34. h3 Rxf6 35. exf6 Kf7 36. Bg7 Bc6 37. Kf2 Re4 38. Rc3 Rd4 39. Ke3 Re4+ 40. Kd3 Rf4 41. Rc1 Re4 42. a4 Re5 43. a5 a6 44. Kd4 Re6 45. Kc5 Bf3 46. Rc3 Bc6 47. h4 Re4 48. Rg3 Bd7 49. h5 Rxg4 50. Rb3 Bc6 51. h6 Rh4 52. Re3 Kg8 53. Re7 Rf4 54. Kd6 g5 55. Ke6 Re4+ 56. Kf5 Rxe7 57. fxe7 Kf7 58. c5 Ba4 59. Kxg5 Bc2 60. Bf8 Bh7 61. Kf4 Bg6 62. Ke5 Bc2 63. Kd5 Bf5 64. Kd6 Be4 65. Kd7 Bc6+ 66. Kd8 Be8 67. h7 1-0

[Event "Budapest Vezerkepzo GM 04"]
[Site "Budapest"]
[Date "2025.04.27"]
[Round "8"]
[White "Pap, Misa"]
[Black "Sriram, Adarsh Uppala"]
[Result "1/2-1/2"]
[WhiteElo "2444"]
[BlackElo "2364"]
[PlyCount "112"]
[EventDate "2025.04.22"]
[EventType "tourn"]
[EventRounds "9"]
[EventCountry "HUN"]
[EventCategory "6"]
[SourceTitle "CB20_2025"]
[SourceDate "2025.05.14"]
[SourceVersion "1"]
[SourceVersionDate "2025.05.14"]
[SourceQuality "1"]

1. e4 c6 2. d4 d5 3. e5 Bf5 4. h4 h5 5. Bd3 Bxd3 6. Qxd3 Qa5+ 7. Nd2 e6 8. Ngf3 Nh6 9. 0-0 Nf5 10. Nb3 Qa6 11. Qd1 b6 12. a4 c5 13. a5 c4 14. axb6 Qxb6 15. Na5 Be7 16. g3 0-0 17. c3 a6 18. Qa4 Qb5 19. Bd2 Rc8 20. Ra2 Nd7 21. Qc2 Rab8 22. Bg5 Bf8 23. Rb1 Qb6 24. Qe2 Qc7 25. Ne1 Rb5 26. Rba1 g6 27. Ng2 Rcb8 28. Ne3 Qb6 29. Nxf5 exf5 30. Kg2 Qe6 31. Qc2 Bg7 32. Bf4 Nf8 33. Rb1 R8b6 34. b4 cxb3 35. Rxb3 Qc8 36. Rxb5 axb5 37. Bg5 Qc7 38. Nb3 Ne6 39. Qd3 Rb8 40. Nc1 Nxg5 41. hxg5 b4 42. Rb2 Bf8 43. Ne2 b3 44. Qd1 Qc4 45. Nc1 Qxc3 46. Rxb3 Rxb3 47. Nxb3 Be7 48. f4 Bb4 49. Nc1 Qe3 50. Ne2 Qe4+ 51. Kf2 Ba5 52. Qb3 Qh1 53. Qf3 Be1+ 54. Ke3 Bd2+ 55. Kf2 Be1+ 56. Ke3 Bd2+ 1/2-1/2

[Event "Budapest Vezerkepzo GM 04"]
[Site "Budapest"]
[Date "2025.04.23"]
[Round "2"]
[White "Sriram, Adarsh Uppala"]
[Black "Deshpande, Aniruddha"]
[Result "1/2-1/2"]
[WhiteElo "2364"]
[BlackElo "2327"]
[PlyCount "158"]
[EventDate "2025.04.22"]
[EventType "tourn"]
[EventRounds "9"]
[EventCountry "HUN"]
[EventCategory "6"]
[SourceTitle "CB20_2025"]
[SourceDate "2025.05.14"]
[SourceVersion "1"]
[SourceVersionDate "2025.05.14"]
[SourceQuality "1"]

1. e4 c5 2. Nf3 a6 3. c3 d5 4. exd5 Qxd5 5. d4 Nf6 6. Na3 e6 7. Nc4 Nbd7 8. a4 b6 9. Be2 Bb7 10. 0-0 Be7 11. Bf4 0-0 12. Ne3 Qc6 13. Qb3 Nd5 14. Bg3 Nxe3 15. fxe3 Qe4 16. Bf2 cxd4 17. cxd4 Bd5 18. Qd1 Qg6 19. Rc1 Nf6 20. Bg3 Ne4 21. Bd3 Qg4 22. Bc7 Ng5 23. Be2 Rac8 24. Bg3 Nxf3+ 25. Bxf3 Qg6 26. Bxd5 exd5 27. Qe2 Bg5 28. Bf2 Rce8 29. Rfe1 a5 30. Qb5 Qe4 31. Qxb6 f5 32. Qd6 Be7 33. Qf4 Bb4 34. Qxe4 Rxe4 35. Red1 f4 36. exf4 Re2 37. g3 Rxb2 38. Rb1 Ra2 39. Ra1 Rb2 40. Rdb1 Rc2 41. Rc1 Rb2 42. Rc7 Re8 43. Kf1 Ree2 44. Bg1 Rec2 45. Rxc2 Rxc2 46. h3 Kf7 47. Be3 Rh2 48. Kg1 Re2 49. Bf2 Rc2 50. g4 Bd6 51. Rb1 Bb4 52. Ra1 Bd6 53. f5 g6 54. fxg6+ hxg6 55. Be1 Bc7 56. Rb1 Ke6 57. Rb5 Rc4 58. Bxa5 Bxa5 59. Rxa5 g5 60. Ra6+ Kf7 61. a5 Rxd4 62. Rd6 Rd3 63. Kg2 d4 64. Kf2 Rxh3 65. Rxd4 Ra3 66. Rd5 Kf6 67. Rf5+ Kg6 68. Rb5 Kf6 69. Rf5+ Kg6 70. Rc5 Kf6 71. Rb5 Ra4 72. Kf3 Rf4+ 73. Kg3 Ra4 74. Rf5+ Kg6 75. Rc5 Kf6 76. Rb5 Ra3+ 77. Kf2 Ra4 78. Kf3 Rf4+ 79. Kg3 Ra4 1/2-1/2

[Event "Budapest FS04 GM"]
[Site "Budapest"]
[Date "2025.04.12"]
[Round "9"]
[White "Sriram, Adarsh Uppala"]
[Black "Neverov, Valeriy"]
[Result "1/2-1/2"]
[WhiteElo "2364"]
[BlackElo "2426"]
[PlyCount "161"]
[EventDate "2025.04.05"]
[EventType "tourn"]
[EventRounds "9"]
[EventCountry "HUN"]
[EventCategory "7"]
[SourceTitle "CB20_2025"]
[SourceDate "2025.05.14"]
[SourceVersion "1"]
[SourceVersionDate "2025.05.14"]
[SourceQuality "1"]

1. d4 d5 2. c4 e6 3. Nc3 Be7 4. cxd5 exd5 5. Bf4 c6 6. e3 Bd6 7. Bxd6 Qxd6 8. Bd3 Ne7 9. Qc2 b6 10. Nf3 Ba6 11. 0-0 Bxd3 12. Qxd3 0-0 13. Rac1 a5 14. e4 Na6 15. e5 Qg6 16. Qxg6 hxg6 17. Na4 Rfb8 18. Rfd1 Nc7 19. b3 Ne6 20. g4 Rb7 21. h4 Rc8 22. Ng5 Nf4 23. Rd2 f6 24. exf6 gxf6 25. Nf3 Kf7 26. Kh2 Ne6 27. Rdc2 c5 28. a3 c4 29. bxc4 dxc4 30. Rxc4 Rxc4 31. Rxc4 b5 32. Nc5 Rc7 33. Rc2 Nd5 34. Kg3 b4 35. axb4 axb4 36. g5 b3 37. Rb2 Nxd4 38. Nxd4 Rxc5 39. Rxb3 Rc3+ 40. Rxc3 Nxc3 41. f4 Ne4+ 42. Kg4 Nd6 43. Ne2 Ne4 44. Ng3 Nd2 45. Kh3 fxg5 46. fxg5 Ne4 47. Kg4 Nd6 48. Kf4 Ke6 49. Ne4 Nxe4 50. Kxe4 Kd6 51. Kf3 Ke6 52. Kf4 Kf7 53. Kg4 Kg7 54. Kg3 Kf7 55. Kf2 Ke6 56. Ke3 Ke5 57. Kf3 Kf5 58. Kg3 Ke6 59. Kf4 Kf7 60. Ke3 Ke7 61. Kd3 Kd7 62. Kd4 Kd6 63. Ke4 Ke6 64. Kf4 Kf7 65. Kg3 Ke6 66. Kg2 Kf5 67. Kg3 Ke6 68. Kf3 Kf5 69. Kg3 Ke6 70. Kg4 Kf7 71. Kh3 Kg7 72. Kg3 Kf7 73. Kg4 Kg7 74. Kg3 Kf7 75. Kh2 Kg7 76. Kg2 Kf7 77. Kf2 Ke6 78. Ke2 Kf5 79. Kf3 Ke6 80. Kg4 Kd6 81. h5 1/2-1/2

[Event "Budapest FS04 GM"]
[Site "Budapest"]
[Date "2025.04.09"]
[Round "5"]
[White "Sriram, Adarsh Uppala"]
[Black "Aczel, Gergely"]
[Result "0-1"]
[WhiteElo "2364"]
[BlackElo "2496"]
[PlyCount "60"]
[EventDate "2025.04.05"]
[EventType "tourn"]
[EventRounds "9"]
[EventCountry "HUN"]
[EventCategory "7"]
[SourceTitle "CB20_2025"]
[SourceDate "2025.05.14"]
[SourceVersion "1"]
[SourceVersionDate "2025.05.14"]
[SourceQuality "1"]

1. d4 Nf6 2. c4 e6 3. Nc3 Bb4 4. f3 c5 5. d5 d6 6. e4 0-0 7. Nge2 Re8 8. a4 a6 9. Ng3 exd5 10. cxd5 Nbd7 11. Be2 Nf8 12. 0-0 Bd7 13. Bd2 h5 14. Re1 h4 15. Nf1 Rb8 16. Ne3 b5 17. b3 Ng6 18. Qc2 Ne5 19. Rf1 Ng6 20. Rfd1 Nh5 21. axb5 axb5 22. Ra6 c4 23. Na2 Bc5 24. b4 Bb6 25. Qc3 f5 26. Rxb6 Qxb6 27. Kh1 Ngf4 28. Bf1 fxe4 29. Bc1 exf3 30. gxf3 Ra8 0-1

[Event "Goa op"]
[Site "Taleigao"]
[Date "2025.01.16"]
[Round "6"]
[White "Sriram, Adarsh Uppala"]
[Black "Mitrabha, Guha"]
[Result "1/2-1/2"]
[WhiteElo "2306"]
[BlackElo "2509"]
[PlyCount "145"]
[EventDate "2025.01.11"]
[EventType "swiss"]
[EventRounds "10"]
[EventCountry "IND"]
[SourceTitle "CB04_2025"]
[SourceDate "2025.01.22"]
[SourceVersion "1"]
[SourceVersionDate "2025.01.22"]
[SourceQuality "1"]

1. d4 Nf6 2. c4 g6 3. Nc3 Bg7 4. e4 d6 5. Be2 Na6 6. Be3 0-0 7. Nf3 c5 8. d5 Bg4 9. Nd2 Bxe2 10. Qxe2 Nc7 11. 0-0 Nd7 12. Rad1 a6 13. a4 Rb8 14. Kh1 Qc8 15. Nb3 Re8 16. a5 b5 17. axb6 Rxb6 18. Na5 e6 19. Qc2 Ne5 20. Na4 Rb8 21. h3 exd5 22. exd5 Qf5 23. Qxf5 gxf5 24. Bf4 f6 25. g3 Na8 26. b3 Nb6 27. Nc3 Nbd7 28. Kg2 Bf8 29. Be3 Be7 30. Ra1 Bd8 31. Rfb1 Bxa5 32. Rxa5 Rb6 33. Na4 Rb7 34. Rb2 Nd3 35. Rb1 N7e5 36. Nc3 Reb8 37. Ra3 Nb4 38. Rb2 Ned3 39. Re2 Nc2 40. Rxa6 Rxb3 41. Bd2 Ne5 42. Rxd6 Nd4 43. Rxf6 Nxe2 44. Nxe2 Re8 45. Bh6 Nxc4 46. Rxf5 Rb6 47. Rg5+ Rg6 48. Nc3 Rxg5 49. Bxg5 Kf7 50. Bf4 Nb6 51. Nb5 Re1 52. Be3 Na4 53. Kf3 Ke7 54. Ke4 Rb1 55. Na3 Rb4+ 56. Ke5 Kd7 57. Bd2 Rb2 58. Be3 Rb4 59. Bd2 Rb8 60. Ke4 Re8+ 61. Kd3 Rf8 62. Nc4 Rxf2 63. Bf4 Ra2 64. Be3 Nb2+ 65. Nxb2 Rxb2 66. Kc4 Rc2+ 67. Kd3 Ra2 68. Kc4 h5 69. h4 Ra3 70. Bf4 Ra5 71. Bd2 Ra2 72. Bf4 Ra5 73. Bd2 1/2-1/2

[Event "Tamil Nadu IM 28th"]
[Site "Coimbatore"]
[Date "2024.09.20"]
[Round "8"]
[White "Sriram, Adarsh Uppala"]
[Black "Dhruva, Thota"]
[Result "1-0"]
[WhiteElo "2333"]
[BlackElo "2342"]
[PlyCount "73"]
[EventDate "2024.09.15"]
[EventType "tourn"]
[EventRounds "9"]
[EventCountry "IND"]
[EventCategory "1"]
[SourceTitle "EXT 2025"]
[Source "ChessBase"]
[SourceDate "2024.10.14"]
[SourceVersion "1"]
[SourceVersionDate "2024.10.14"]
[SourceQuality "1"]

1. Nf3 Nf6 2. b3 g6 3. Bb2 Bg7 4. g3 0-0 5. Bg2 c5 6. c4 d6 7. d4 d5 8. Nbd2 cxd4 9. 0-0 Nc6 10. Nxd4 Bd7 11. e3 Nxd4 12. Bxd4 Bc6 13. Rc1 Re8 14. Qe2 e5 15. cxd5 Bxd5 16. Bb2 Bxg2 17. Kxg2 Qa5 18. Rc2 Rac8 19. Nc4 Qd5+ 20. Kg1 Re6 21. Rd1 Qe4 22. Rcd2 Ne8 23. Rd5 f6 24. g4 g5 25. f3 Qg6 26. e4 Bf8 27. a4 Bc5+ 28. Kg2 Qf7 29. Rd8 Rxd8 30. Rxd8 Qe7 31. Qd2 Bd4 32. Ra8 Qc5 33. Ba3 Qc6 34. Rb8 h6 35. Qb4 Bb6 36. Qf8+ Kh7 37. Qf7+ 1-0

[Event "Tamil Nadu IM 28th"]
[Site "Coimbatore"]
[Date "2024.09.18"]
[Round "5"]
[White "Annageldyev, Orazly"]
[Black "Sriram, Adarsh Uppala"]
[Result "0-1"]
[WhiteElo "2105"]
[BlackElo "2333"]
[PlyCount "52"]
[EventDate "2024.09.15"]
[EventType "tourn"]
[EventRounds "9"]
[EventCountry "IND"]
[EventCategory "1"]
[SourceTitle "EXT 2025"]
[Source "ChessBase"]
[SourceDate "2024.10.14"]
[SourceVersion "1"]
[SourceVersionDate "2024.10.14"]
[SourceQuality "1"]

1. Nf3 d5 2. c4 d4 3. g3 Nc6 4. Bg2 e5 5. d3 Bb4+ 6. Nbd2 a5 7. 0-0 Nf6 8. a3 Be7 9. Rb1 a4 10. b4 axb3 11. Rxb3 0-0 12. Rb5 Bd6 13. Qc2 Re8 14. a4 Ra7 15. Ng5 Bd7 16. c5 Bf8 17. Nc4 h6 18. Ne4 Nd5 19. Bd2 Be6 20. f4 f5 21. Nf2 exf4 22. gxf4 Bf7 23. Bf3 Ne3 24. Bxe3 dxe3 25. Nd1 Nd4 26. Qb2 Nxf3+ 0-1

[Event "Tamil Nadu IM 28th"]
[Site "Coimbatore"]
[Date "2024.09.18"]
[Round "6"]
[White "Sriram, Adarsh Uppala"]
[Black "Vahidov, Tair"]
[Result "1-0"]
[WhiteElo "2333"]
[BlackElo "2345"]
[PlyCount "95"]
[EventDate "2024.09.15"]
[EventType "tourn"]
[EventRounds "9"]
[EventCountry "IND"]
[EventCategory "1"]
[SourceTitle "EXT 2025"]
[Source "ChessBase"]
[SourceDate "2024.10.14"]
[SourceVersion "1"]
[SourceVersionDate "2024.10.14"]
[SourceQuality "1"]

1. b3 e5 2. Bb2 Nc6 3. e3 g6 4. Nf3 Bg7 5. c4 Nge7 6. b4 d6 7. b5 Nb8 8. d4 Nd7 9. Be2 0-0 10. Nc3 exd4 11. exd4 Re8 12. 0-0 Nf5 13. a4 Nf8 14. Re1 Ne6 15. Nd5 c6 16. Ne3 Nf4 17. Bf1 d5 18. Qb3 Be6 19. c5 Nh4 20. Nc2 Nxf3+ 21. Qxf3 Nh5 22. Ne3 Qd7 23. h3 Nf6 24. Bd3 Rad8 25. Rac1 Ne4 26. Qf4 g5 27. Qf3 f5 28. Qd1 h6 29. Nf1 f4 30. f3 Nf6 31. Qc2 Bf7 32. b6 axb6 33. cxb6 Ra8 34. Bc3 Rxe1 35. Rxe1 Ne8 36. a5 Nd6 37. Nd2 Nc4 38. Nb3 Ne3 39. Qb2 Bf8 40. Nc5 Bxc5 41. dxc5 d4 42. Bxd4 Rxa5 43. Qc3 Ra4 44. Bxe3 fxe3 45. Rxe3 Qd5 46. Re4 Ra2 47. Re8+ Bxe8 48. Bc4 1-0

[Event "Tamil Nadu IM 27th"]
[Site "Coimbatore"]
[Date "2024.09.13"]
[Round "9"]
[White "Sriram, Adarsh Uppala"]
[Black "Vahidov, Tair"]
[Result "1/2-1/2"]
[WhiteElo "2333"]
[BlackElo "2345"]
[PlyCount "135"]
[EventDate "2024.09.07"]
[EventType "tourn"]
[EventRounds "9"]
[EventCountry "IND"]
[EventCategory "1"]
[SourceTitle "EXT 2025"]
[Source "ChessBase"]
[SourceDate "2024.10.14"]
[SourceVersion "1"]
[SourceVersionDate "2024.10.14"]
[SourceQuality "1"]

1. Nf3 g6 2. c4 Bg7 3. Nc3 c5 4. e3 Nf6 5. d4 0-0 6. d5 d6 7. Be2 e6 8. 0-0 Re8 9. Nd2 Na6 10. e4 Nc7 11. a4 Na6 12. f3 Nb4 13. Nb3 e5 14. Bg5 h6 15. Bh4 Qc7 16. Nb5 Qd8 17. Bf2 Bf8 18. Qd2 Nd7 19. Be3 a6 20. Nc3 h5 21. Rf2 Bg7 22. Nc1 f5 23. exf5 gxf5 24. Bg5 Bf6 25. Bxf6 Qxf6 26. f4 Qg6 27. Qd1 Nf6 28. Nd3 e4 29. Nxb4 cxb4 30. Na2 a5 31. Nc1 b6 32. Nb3 Bd7 33. Nd4 Ng4 34. Bxg4 e3 35. Re2 fxg4 36. Ne6 Bxe6 37. dxe6 Qxe6 38. Qd4 Rac8 39. b3 d5 40. cxd5 Qe4 41. Qxb6 Rc2 42. Rxc2 Qxc2 43. Qc6 Qe4 44. f5 e2 45. Qg6+ Kf8 46. Qf6+ Kg8 47. Re1 Qe3+ 48. Kh1 Qf2 49. Qg6+ Kf8 50. Qh6+ Kg8 51. Qg5+ Kf8 52. Qc1 Qxf5 53. d6 Rc8 54. Qa1 Re8 55. d7 Qxd7 56. Qh8+ Ke7 57. Rxe2+ Kd8 58. Qf6+ Kc7 59. Rc2+ Kb7 60. Rc1 Qe6 61. Qf1 Qe5 62. Rd1 Re7 63. Rc1 Qe2 64. Qg1 h4 65. Rc5 Re5 66. Rxe5 Qxe5 67. Qd1 Kc6 68. Qc2+ 1/2-1/2